Rip-Off Country Flags - Statistics

General Stats
  • This quiz has been taken 5 times
  • The average score is 9 of 16
Answer Stats
Picture Hint Answer % Correct
Germany Berlin
80%
United States Bikini Atoll
80%
Lithuania Bolivar
80%
India Miami
80%
Finland Marseille
60%
Indonesia Salzburg
60%
United Kingdom Somerset
60%
Russia Carniola
40%
Hungary Ciudad Dario
40%
Ukraine Dalmatia
40%
Denmark Dannebrog
40%
Peru Mons
40%
Gabon Ostroleka
40%
Guyana Sandona
40%
Poland Thuringia
40%
Jamaica Westergeast
40%
No matching quizzes found
Score Distribution
Percent of People with Each Score
Percentile by Number Answered
Your Score History
You have not taken this quiz